Fifteen Shades of Red - Statistics

General Stats
  • This quiz has been taken 216 times
  • The average score is 12 of 15
Answer Stats
Colour Hint Shade % Correct
FF0000 The first colour of the rainbow Red
99%
660000 Coursing through your veins (hopefully) Blood
96%
BE0032 Teacher's favourite fruit, supposedly Apple
94%
FF6347 Is it a vegetable, or a fruit? Tomato
93%
CE2029 Vehicle used by firefighters Fire Engine
90%
7C0902 Building used by farmers Barn
86%
FB551C Tasty crustacean Lobster
80%
800000 Brownish-red or Adam Levine’s band Maroon
80%
DA2C43 What occurs when iron oxidizes Rusty
79%
FF2400 Clue character Scarlet
75%
E03C31 Spicy pepper Chili
69%
DC343B Flower worn in remembrance of the soldiers in WWI Poppy
68%
E34234 From the Latin vermis, meaning worm Vermilion
57%
DC143C The Flash’s nickname: The _____ Comet Crimson
56%
C51E3A Cassock-wearing members of the Catholic Church Cardinal
53%
No matching quizzes found
Score Distribution
Percent of People with Each Score
Percentile by Number Answered
Your Score History
You have not taken this quiz